| 000 | 00478nam a2200157 a 4500 | ||
|---|---|---|---|
| 001 | 000027930 | ||
| 005 | 20200930031217.0 | ||
| 008 | 110405s1988 dr ac 000 0 spa d | ||
| 040 |
_aDO-SdBNP _bspa _cBNPHU |
||
| 245 | 0 | 0 | _aNora Astorga guerrillera ... embajadora de la paz y de la vida. |
| 260 |
_aSanto Domingo : _bEdiciones Feministas _bEditora Taller, _c1988. |
||
| 300 |
_a35 p. ; _c21 cm. |
||
| 490 | 1 | _aMinerva Mirabal | |
| 830 | 0 |
_aMinerva Mirabal _938597 |
|
| 049 | _aBNPD | ||
| 999 |
_c27422 _d27422 |
||